000 00788nam a2200217Ii 4500
003 JO-AjNU
008 230605s9999||||xx |||||||||||||| ||und||
017 _a1991/8/403
040 _aJO-AjNU
_bara
_erda
_cJO-AjNU
041 _aara
050 1 4 _aLC2607.M8446 1992
100 3 _aحمدان،محمد زيدان,
_eauthor
_912796
245 0 0 _aالإشراف في التربية المعاصرة مفاهيم و أساليب وتطبيقات
264 3 1 _aعمان:دار التربية الحديثة،1992
300 _a126ص
336 _atext
_btxt
_2rdacontent
337 _aunmediated
_bn
_2rdamedia
338 _avolume
_bnc
_2rdacarrier
490 0 _aسلسلة المكتبة التربوية الرسالة 14
650 4 _aالتعليم-إرشاد وتوجيهات
_912797
999 _aA3017
_c6585
_d6585